<?xml version="1.0" encoding="UTF-8"?><?xml-stylesheet type="text/xsl" href="static/style.xsl"?><OAI-PMH xmlns="http://www.openarchives.org/OAI/2.0/" xmlns:xsi="http://www.w3.org/2001/XMLSchema-instance" xsi:schemaLocation="http://www.openarchives.org/OAI/2.0/ http://www.openarchives.org/OAI/2.0/OAI-PMH.xsd"><responseDate>2026-04-17T17:27:14Z</responseDate><request verb="GetRecord" identifier="oai:www.recercat.cat:20.500.12327/4825" metadataPrefix="marc">https://recercat.cat/oai/request</request><GetRecord><record><header><identifier>oai:recercat.cat:20.500.12327/4825</identifier><datestamp>2025-11-09T14:40:18Z</datestamp><setSpec>com_2072_4428</setSpec><setSpec>com_2072_4427</setSpec><setSpec>col_2072_487898</setSpec></header><metadata><record xmlns="http://www.loc.gov/MARC21/slim" xmlns:dcterms="http://purl.org/dc/terms/" xmlns:xsi="http://www.w3.org/2001/XMLSchema-instance" xmlns:doc="http://www.lyncode.com/xoai" xsi:schemaLocation="http://www.loc.gov/MARC21/slim http://www.loc.gov/standards/marcxml/schema/MARC21slim.xsd">
   <leader>00925njm 22002777a 4500</leader>
   <datafield ind2=" " ind1=" " tag="042">
      <subfield code="a">dc</subfield>
   </datafield>
   <datafield ind2=" " ind1=" " tag="720">
      <subfield code="a">Savić, Bojana</subfield>
      <subfield code="e">author</subfield>
   </datafield>
   <datafield ind2=" " ind1=" " tag="720">
      <subfield code="a">Škrlep, Martin</subfield>
      <subfield code="e">author</subfield>
   </datafield>
   <datafield ind2=" " ind1=" " tag="720">
      <subfield code="a">Font i Furnols, Maria</subfield>
      <subfield code="e">author</subfield>
   </datafield>
   <datafield ind2=" " ind1=" " tag="720">
      <subfield code="a">Čandek-Potokar, Marjeta</subfield>
      <subfield code="e">author</subfield>
   </datafield>
   <datafield ind2=" " ind1=" " tag="260">
      <subfield code="c">2025-10-01</subfield>
   </datafield>
   <datafield ind2=" " ind1=" " tag="520">
      <subfield code="a">Two dry-cured hams were produced using a local breed Krškopolje pig, trimmed/shaped either as ‘Kraški pršut’ (Ksingle bondK) or ‘Istrski pršut’ (Isingle bondK). Consumers (n = 118) were recruited to evaluate the hams in blind, expected, and informed tests. Overall liking was rated on a 5-point Likert scale, while sensory perceptions were assessed with Check-All-That-Apply method in blind and expected tests. In blind, expected, and informed test, Ksingle bondK received higher liking scores than Isingle bondK. Specifically, for Ksingle bondK, liking was the highest in informed, the lowest in the blind, and intermediate in the expected test, suggesting that information about local breed positively influenced consumer perception. In contrast, Isingle bondK showed similar liking scores in both, blind and informed tests, while the expected liking was notably higher, indicating a mismatch between expectations and actual experience. Check-All-That-Apply results, analyzed with correspondence analysis, showed that Isingle bondK and Ksingle bondK hams were differentiated by consumers based on sensory descriptors. Furthermore, the analysis highlighted differences between expected and perceived sensory descriptors.</subfield>
   </datafield>
   <datafield ind1="8" ind2=" " tag="024">
      <subfield code="a">0309-1740</subfield>
   </datafield>
   <datafield ind1="8" ind2=" " tag="024">
      <subfield code="a">http://hdl.handle.net/20.500.12327/4825</subfield>
   </datafield>
   <datafield ind1="8" ind2=" " tag="024">
      <subfield code="a">https://doi.org/10.1016/j.meatsci.2025.109964</subfield>
   </datafield>
   <datafield ind2="0" ind1="0" tag="245">
      <subfield code="a">How local pig breed and processing methods affect consumer preferences for dry-cured ham</subfield>
   </datafield>
</record></metadata></record></GetRecord></OAI-PMH>